000 00421nam a2200145Ia 4500
003 OSt
005 20260122150253.0
008 211028s2015 xx 000 0 und d
040 _cAIMIT LIBRARY
041 _aeng
100 _aRashika B S; Kutarkar, Ravi.
_g1316116
_97386
245 _aStudy on employee satisfaction in tata coffee limited Pollibetta /
260 _aMangalore
_bRavi Kutarkar.
_c2015
942 _2ddc
_cPRO
999 _c218956
_d218956